| 000 | 00527nam a2200169 a 4500 | ||
|---|---|---|---|
| 001 | 000025798 | ||
| 005 | 20200930024046.0 | ||
| 008 | 110217s1911 fr ab r 000 | spa d | ||
| 040 |
_aDO-SdBNP _bspa _cBNPHU |
||
| 082 |
_axxxxx _bR811, 1967 |
||
| 100 | 1 |
_aReyes, Alfonso, _912593 |
|
| 245 | 1 | 0 |
_aCuestiones estéticas / _cAlfonso Reyes, prólogo Francisco García Calderón. |
| 260 |
_aParis : _bPaul Ollendorf, _c1911. |
||
| 300 |
_a292 p. ; _c19 cm. |
||
| 700 | 1 |
_aGarcía Calderón , Francisco, _epról. _952608 |
|
| 049 | _aBNGR | ||
| 999 |
_c25290 _d25290 |
||